000 01289nam a2200241Ia 4500
003 GCL
008 140319s9999 xx 000 0 ara d
020 _a2223905977
040 _aGCL /
_cGCL
082 0 4 _a962.401
_bك م
100 1 _aكرم الصاوى باز
245 1 0 _aممالك النوبة فى العصر المملوكى :
_bاضمحلالها وسقوطها واثره فى انتشار الاسلام فى سودان وادى النيل ( من 648 - 923 هـ \ 1250 - 1517 م ) /
_cكرم الصاوى باز
260 _aالقاهرة :
_bمكتبة الانجلوالمصرية ،
_c2006
300 _a621 ص ؛
_c24 سم
650 0 4 _aانتشار الاسلام - السودان
650 0 4 _aالقبائل العربية - النوبة
650 0 4 _aالصراع الثقافى - السودان
650 0 4 _aالسودان - العلاقات الخارجية - مصر
650 0 4 _aالسودان - تاريخ - مملكة النوبة المسيحية - الاحوال الاجتماعية
650 0 4 _aالسودان - تاريخ - مملكة النوبة المسيحية - الاحوال الاقتصادية
650 0 4 _aالسودان - تاريخ - مملكة النوبة المسيحية - الاحوال الثقافية
942 _2ddc
_cBK
999 _c9817
_d9817